[Event "WCN k.o."]
[Site "Internet USCF"]
[Date "2001.??.??"]
[Round "?"]
[White "Tyomkin, Dimitri"]
[Black "O'Donnell, Tom"]
[Result "1-0"]
[WhiteElo "2461"]
[BlackElo "2357"]
[PlyCount "73"]
[GameId "1166644031864832"]
[EventDate "2001.12.??"]
[EventType "k.o."]
[EventRounds "5"]
[EventCountry "USA"]
[SourceTitle "EXT 2003"]
[Source "ChessBase"]
[SourceDate "2002.11.25"]
[SourceVersion "1"]
[SourceVersionDate "2002.11.25"]
[SourceQuality "1"]

1. d4 Nf6 2. c4 e6 3. Nc3 Bb4 4. f3 d5 5. a3 Be7 6. e4 c5 7. e5 Nfd7 8. cxd5 exd5 9. f4 cxd4 10. Qxd4 Nb6 11. Nf3 Nc6 12. Qd3 Bg4 13. Be2 f6 14. O-O fxe5 15. Nxe5 Nxe5 16. fxe5 Bxe2 17. Qxe2 d4 18. Nb5 d3 19. Qe4 Bc5+ 20. Kh1 Qe7 21. Be3 Rf8 22. Bxc5 Qxc5 23. Nd6+ Kd7 24. Qxd3 Qd5 25. Qg3 g6 26. Qh3+ Qe6 27. Qxh7+ Qe7 28. Qxg6 Rxf1+ 29. Rxf1 Rf8 30. Rd1 Kc7 31. Nb5+ Kb8 32. Qd6+ Qxd6 33. Nxd6 Rf2 34. Re1 Nd5 35. g4 Rxb2 36. e6 Ne7 37. Nf5 1-0

[Event "WCN k.o."]
[Site "Internet USCF"]
[Date "2001.??.??"]
[Round "?"]
[White "Tyomkin, Dimitri"]
[Black "O'Donnell, Tom"]
[Result "1/2-1/2"]
[WhiteElo "2461"]
[BlackElo "2357"]
[PlyCount "101"]
[GameId "1166644031856640"]
[EventDate "2001.12.??"]
[EventType "k.o."]
[EventRounds "5"]
[EventCountry "USA"]
[SourceTitle "EXT 2003"]
[Source "ChessBase"]
[SourceDate "2002.11.25"]
[SourceVersion "1"]
[SourceVersionDate "2002.11.25"]
[SourceQuality "1"]

1. d4 Nf6 2. c4 e6 3. Nc3 Bb4 4. f3 d5 5. a3 Be7 6. e4 dxe4 7. fxe4 e5 8. d5 O-O 9. Nf3 Bg4 10. Be3 Nbd7 11. Bd3 Bc5 12. Qe2 a5 13. O-O Qe7 14. Na4 Bxe3+ 15. Qxe3 b6 16. Nd2 Nc5 17. Nc3 a4 18. Be2 Bd7 19. Rf2 Ne8 20. Raf1 Nd6 21. Qg3 Rab8 22. h4 b5 23. cxb5 Bxb5 24. Bxb5 Nxb5 25. h5 h6 26. Rf5 f6 27. Nxb5 Rxb5 28. Qc3 Nb3 29. Nf3 Qc5+ 30. Qxc5 Nxc5 31. Nxe5 Nxe4 32. Ng6 Ng3 33. Nxf8 Kxf8 34. R5f4 Ne2+ 35. Kh2 Nxf4 36. Rxf4 Rxd5 37. Rxa4 Rxh5+ 38. Kg3 Rb5 39. b4 Ke7 40. Ra8 g6 41. Kf4 g5+ 42. Kg4 c5 43. bxc5 Rxc5 44. Kh5 Rc2 45. g4 Rh2+ 46. Kg6 Rg2 47. Ra4 Rf2 48. Kxh6 Rf4 49. Ra7+ Kd6 50. Kh5 f5 51. Kxg5 1/2-1/2

[Event "WchT Seniors 50"]
[Site "Radebeul"]
[Date "2016.06.27"]
[Round "2.2"]
[White "Jeske, Eckhard"]
[Black "O'Donnell, Tom"]
[Result "1/2-1/2"]
[WhiteElo "2171"]
[BlackElo "2354"]
[PlyCount "111"]
[GameId "1166660579987456"]
[EventDate "2016.06.26"]
[EventType "team-swiss"]
[EventRounds "9"]
[EventCountry "GER"]
[SourceTitle "CBM 173 Extra"]
[Source "ChessBase"]
[SourceDate "2016.08.29"]
[SourceVersion "1"]
[SourceVersionDate "2016.08.29"]
[SourceQuality "1"]
[WhiteTeam "Potsdam Empor"]
[BlackTeam "Canada"]
[WhiteTeamCountry "GER"]
[BlackTeamCountry "CAN"]

1. e4 Nf6 2. e5 Nd5 3. d4 d6 4. Nf3 Bg4 5. Be2 e6 6. O-O Be7 7. h3 Bh5 8. c4 Nb6 9. exd6 cxd6 10. Nc3 O-O 11. b3 N8d7 12. a4 Nf6 13. Be3 Nbd7 14. Nd2 Bxe2 15. Qxe2 Qa5 16. Rfc1 Rfc8 17. Rab1 Qf5 18. Qf3 Qxf3 19. Nxf3 Kf8 20. g4 Ne8 21. Kf1 Nc7 22. Ke2 Ne8 23. Bf4 Nb8 24. h4 Na6 25. g5 Nb4 26. h5 a6 27. Bd2 Rab8 28. Nd1 d5 29. c5 Nc6 30. b4 b5 31. cxb6 Rxb6 32. b5 axb5 33. axb5 Na7 34. Rxc8 Nxc8 35. Ne5 Rb7 36. Nc3 f6 37. Nd3 Nb6 38. Nc5 Rb8 39. Nxe6+ Kf7 40. Nf4 Nc7 41. g6+ Kg8 42. Nd3 Ne6 43. Be3 Rc8 44. Rb3 Bd6 45. f4 h6 46. f5 Nc7 47. Bf4 Ne8 48. Kf3 Kf8 49. Bxd6+ Nxd6 50. Kg4 Re8 51. Kf4 Ndc4 52. Nc5 Re1 53. N3a4 Rf1+ 54. Kg4 Rd1 55. Nxb6 Nxb6 56. Ne6+ 1/2-1/2

[Event "WchT Seniors 50"]
[Site "Radebeul"]
[Date "2016.06.28"]
[Round "3.2"]
[White "O'Donnell, Tom"]
[Black "Lewis, Andrew P"]
[Result "1/2-1/2"]
[WhiteElo "2354"]
[BlackElo "2269"]
[PlyCount "81"]
[GameId "1166660580417536"]
[EventDate "2016.06.26"]
[EventType "team-swiss"]
[EventRounds "9"]
[EventCountry "GER"]
[SourceTitle "CBM 173 Extra"]
[Source "ChessBase"]
[SourceDate "2016.08.29"]
[SourceVersion "1"]
[SourceVersionDate "2016.08.29"]
[SourceQuality "1"]
[WhiteTeam "Canada"]
[BlackTeam "England II"]
[WhiteTeamCountry "CAN"]
[BlackTeamCountry "ENG"]

1. e4 c5 2. Nf3 d6 3. d4 cxd4 4. Nxd4 Nf6 5. f3 e5 6. Nb3 d5 7. Bg5 Be6 8. Bxf6 gxf6 9. exd5 Qxd5 10. Qxd5 Bxd5 11. Nc3 Be6 12. O-O-O Nd7 13. Nb5 Kd8 14. Na5 Rb8 15. Bc4 Bb4 16. Bxe6 fxe6 17. Nc4 Ke7 18. Nxa7 Ra8 19. a3 Bxa3 20. Nxa3 Rxa7 21. Rd3 Rc8 22. Rhd1 Nb6 23. Kb1 f5 24. g4 fxg4 25. fxg4 Ra4 26. Rb3 Rc6 27. Rh3 Rxg4 28. Rxh7+ Kf6 29. Rxb7 Nd5 30. Re1 Rg2 31. Rb5 Rxh2 32. c4 Nf4 33. Rbxe5 Rxb2+ 34. Kxb2 Nd3+ 35. Kc3 Nxe5 36. Rf1+ Ke7 37. Kb4 Rc8 38. Rd1 Rd8 39. Rxd8 Kxd8 40. Kc5 Nxc4 41. Nxc4 1/2-1/2

[Event "National Capital op"]
[Site "Ottawa CAN"]
[Date "2011.12.09"]
[Round "1"]
[White "Doubleday, William"]
[Black "O'Donnell, Tom"]
[Result "0-1"]
[WhiteElo "2068"]
[BlackElo "2445"]
[PlyCount "82"]
[GameId "2160767909573325"]
[EventDate "2011.12.09"]
[EventType "swiss"]
[EventRounds "5"]
[EventCountry "CAN"]
[SourceTitle "EXT 2022"]
[Source "ChessBase"]
[SourceDate "2021.10.06"]
[SourceVersion "1"]
[SourceVersionDate "2021.10.06"]
[SourceQuality "1"]

1. d4 Nf6 2. c4 e6 3. Nc3 Bb4 4. e3 b6 5. Nge2 c5 6. a3 Ba5 7. Rb1 Na6 8. g3 Bb7 9. d5 exd5 10. Bg2 Rb8 11. cxd5 O-O 12. O-O c4 13. e4 d6 14. f3 Nc5 15. Be3 a6 16. Nd4 b5 17. Nf5 Bc8 18. g4 Bxf5 19. gxf5 Nd3 20. Qd2 Bb6 21. Kh1 Bxe3 22. Qxe3 Qb6 23. Nd1 Qxe3 24. Nxe3 Rfc8 25. Kg1 c3 26. bxc3 Rxc3 27. a4 b4 28. Rfd1 Nc5 29. Kf2 Nxa4 30. Bf1 Ra3 31. Ra1 Nc3 32. Rdc1 Rxa1 33. Rxa1 b3 34. Rxa6 Nd7 35. Rxd6 Nc5 36. Rc6 b2 37. Rxc5 Na4 38. Ra5 b1=Q 39. Rxa4 Rb2+ 40. Be2 h5 41. d6 Qd3 0-1

[Event "National Capital op"]
[Site "Ottawa CAN"]
[Date "2011.12.10"]
[Round "3"]
[White "Pacey, Kevin"]
[Black "O'Donnell, Tom"]
[Result "1/2-1/2"]
[WhiteElo "2271"]
[BlackElo "2445"]
[PlyCount "32"]
[GameId "2160767909573331"]
[EventDate "2011.12.09"]
[EventType "swiss"]
[EventRounds "5"]
[EventCountry "CAN"]
[SourceTitle "EXT 2022"]
[Source "ChessBase"]
[SourceDate "2021.10.06"]
[SourceVersion "1"]
[SourceVersionDate "2021.10.06"]
[SourceQuality "1"]

1. d4 d5 2. c4 e6 3. Nf3 c6 4. Nbd2 Nf6 5. g3 Nbd7 6. Bg2 b6 7. O-O Bb7 8. Qc2 Be7 9. e4 O-O 10. Rd1 Rc8 11. e5 Ne8 12. cxd5 cxd5 13. Qd3 Nc7 14. h4 f6 15. exf6 Bxf6 16. Qe3 Re8 1/2-1/2

[Event "Canada Day op"]
[Site "Ottawa CAN"]
[Date "2011.06.30"]
[Round "1"]
[White "O'Donnell, Tom"]
[Black "Forget, David"]
[Result "1-0"]
[WhiteElo "2449"]
[BlackElo "2078"]
[PlyCount "52"]
[GameId "2160767909704146"]
[EventDate "2011.06.30"]
[EventType "swiss"]
[EventRounds "6"]
[EventCountry "CAN"]
[SourceTitle "EXT 2022"]
[Source "ChessBase"]
[SourceDate "2021.10.06"]
[SourceVersion "1"]
[SourceVersionDate "2021.10.06"]
[SourceQuality "1"]

1. e4 e6 2. d4 d5 3. Nd2 c5 4. exd5 Qxd5 5. Ngf3 cxd4 6. Bc4 Qd6 7. O-O Nf6 8. Nb3 Nc6 9. Nbxd4 Nxd4 10. Nxd4 a6 11. c3 Qc7 12. Qe2 Bd6 13. h3 O-O 14. Bg5 Ne4 15. Be3 b5 16. Bd3 Bb7 17. Qc2 Nf6 18. a4 b4 19. cxb4 Qxc2 20. Nxc2 Nd5 21. b5 Nxe3 22. Nxe3 axb5 23. Bxb5 Rfc8 24. Nc4 Bc5 25. b4 Ba7 26. Nd6 Rc7 1-0

[Event "Canada Day op"]
[Site "Ottawa CAN"]
[Date "2011.07.01"]
[Round "2"]
[White "Marinkovic, Mate"]
[Black "O'Donnell, Tom"]
[Result "1/2-1/2"]
[WhiteElo "2190"]
[BlackElo "2449"]
[PlyCount "129"]
[GameId "2160767909704148"]
[EventDate "2011.06.30"]
[EventType "swiss"]
[EventRounds "6"]
[EventCountry "CAN"]
[SourceTitle "EXT 2022"]
[Source "ChessBase"]
[SourceDate "2021.10.06"]
[SourceVersion "1"]
[SourceVersionDate "2021.10.06"]
[SourceQuality "1"]

1. c4 e6 2. g3 d5 3. Nf3 Nf6 4. b3 Be7 5. Bg2 b6 6. Bb2 O-O 7. O-O Bb7 8. e3 c5 9. Nc3 dxc4 10. bxc4 Nc6 11. Qe2 Nb4 12. d4 cxd4 13. exd4 Rc8 14. Rfd1 Re8 15. Rac1 Bf8 16. a3 Nc6 17. Ne5 Na5 18. Bxb7 Nxb7 19. Qf3 Na5 20. d5 Nxc4 21. Nxc4 Rxc4 22. dxe6 Qc8 23. exf7+ Kxf7 24. Nd5 Rxc1 25. Rxc1 Qg4 26. Qxg4 Nxg4 27. Rc7+ Ke6 28. Nf4+ Kd6 29. Rxa7 g5 30. Nd3 Re2 31. h3 Nxf2 32. Nxf2 Rxb2 33. Rf7 Be7 34. Rxh7 Ke6 35. Ne4 Re2 36. Rh6+ Ke5 37. Nc3 Re3 38. Nb5 Bc5 39. Kg2 Rb3 40. Nc7 Rxa3 41. Re6+ Kd4 42. Nb5+ Kd5 43. Rg6 Rb3 44. Rxg5+ Ke4 45. Nc7 Rb2+ 46. Kf1 Kf3 47. Rf5+ Kxg3 48. Ne6 Be3 49. Ng5 Bf4 50. Ne6 Rf2+ 51. Kg1 Rg2+ 52. Kf1 Rf2+ 53. Kg1 Re2 54. Rxf4 Rxe6 55. Rf2 Kxh3 56. Kf1 Kg4 57. Rg2+ Kf5 58. Rf2+ Kg6 59. Rg2+ Kf7 60. Rf2+ Ke7 61. Re2 Rxe2 62. Kxe2 Ke6 63. Kd2 Kd6 64. Kc2 Kc6 65. Kb2 1/2-1/2

[Event "Canada Day op"]
[Site "Ottawa CAN"]
[Date "2011.07.03"]
[Round "3"]
[White "O'Donnell, Tom"]
[Black "Doubleday, William"]
[Result "1-0"]
[WhiteElo "2449"]
[BlackElo "2118"]
[PlyCount "87"]
[GameId "2160767909704153"]
[EventDate "2011.06.30"]
[EventType "swiss"]
[EventRounds "6"]
[EventCountry "CAN"]
[SourceTitle "EXT 2022"]
[Source "ChessBase"]
[SourceDate "2021.10.06"]
[SourceVersion "1"]
[SourceVersionDate "2021.10.06"]
[SourceQuality "1"]

1. d4 d5 2. c4 c6 3. Nf3 Nf6 4. Nc3 e6 5. Bg5 Be7 6. e3 Nbd7 7. Qc2 O-O 8. O-O-O a5 9. Kb1 b5 10. cxb5 Bb7 11. bxc6 Bxc6 12. Bd3 Rc8 13. Ne5 h6 14. Bh4 Nxe5 15. dxe5 Nd7 16. Bxe7 Qxe7 17. f4 Rb8 18. Ne2 Bb5 19. Bxb5 Rxb5 20. Nd4 Rc5 21. Qd3 Rb8 22. Rc1 Rb6 23. Rxc5 Nxc5 24. Qa3 Qa7 25. Rc1 Ne4 26. b3 a4 27. Ka1 Qa6 28. b4 Nd2 29. b5 Qb7 30. Qxa4 Nc4 31. Rc3 Qb8 32. Qb4 Ra6 33. a3 Ra8 34. Qc5 Ra5 35. Ka2 Qb7 36. g4 g6 37. h4 h5 38. gxh5 gxh5 39. e4 Qa8 40. exd5 exd5 41. Nc6 Ra4 42. Rg3+ Kh8 43. Qe7 d4 44. Qf6+ 1-0

[Event "Canada Day op"]
[Site "Ottawa CAN"]
[Date "2011.07.03"]
[Round "4"]
[White "Sambuev, Bator"]
[Black "O'Donnell, Tom"]
[Result "1-0"]
[WhiteElo "2750"]
[BlackElo "2449"]
[PlyCount "115"]
[GameId "2160767909704155"]
[EventDate "2011.06.30"]
[EventType "swiss"]
[EventRounds "6"]
[EventCountry "CAN"]
[SourceTitle "EXT 2022"]
[Source "ChessBase"]
[SourceDate "2021.10.06"]
[SourceVersion "1"]
[SourceVersionDate "2021.10.06"]
[SourceQuality "1"]

1. d4 Nf6 2. Nf3 d5 3. Bg5 Ne4 4. Bh4 c5 5. dxc5 Nc6 6. e3 g6 7. Nbd2 Nxc5 8. Nb3 Bg7 9. c3 Ne4 10. Be2 O-O 11. O-O b6 12. Nfd4 Bb7 13. f3 Nd6 14. Nxc6 Bxc6 15. Bd3 Qd7 16. Qe2 e5 17. Rad1 Qe6 18. e4 dxe4 19. fxe4 Kh8 20. c4 f6 21. c5 Nb7 22. Bf2 bxc5 23. Nxc5 Qe7 24. b4 f5 25. Nxb7 Qxb7 26. Bc5 fxe4 27. Bxf8 Bxf8 28. Bc4 Qxb4 29. Kh1 Bc5 30. Bd5 Bb5 31. Qxe4 Qxe4 32. Bxe4 Re8 33. Rf7 Bd4 34. Rc1 Bb6 35. g3 Rd8 36. Re7 Ba6 37. Rxe5 Kg7 38. Bg2 Rd2 39. a4 Ra2 40. a5 Bxa5 41. Re7+ Kh6 42. Bd5 Rd2 43. Bg8 Bb6 44. Rxh7+ Kg5 45. Bc4 Bc8 46. Rf1 Bf5 47. Rf4 Rc2 48. h4+ Kf6 49. Rf7+ Ke5 50. Re7+ Kd6 51. Re2 Rc3 52. Kg2 Kc5 53. Be6 Bd3 54. Rd2 Bc7 55. Rg4 a5 56. Rg5+ Kd4 57. Kf3 Be5 58. Bf7 1-0

[Event "Eastern Ontario op"]
[Site "Ottawa CAN"]
[Date "2011.07.03"]
[Round "5"]
[White "O'Donnell, Tom"]
[Black "Pacey, Kevin"]
[Result "1-0"]
[WhiteElo "2449"]
[BlackElo "2309"]
[PlyCount "85"]
[GameId "2160767909704161"]
[EventDate "2011.06.30"]
[EventType "swiss"]
[EventRounds "6"]
[EventCountry "CAN"]

1. c4 g6 2. g3 Bg7 3. Bg2 d6 4. Nc3 Nc6 5. Rb1 a5 6. e3 e5 7. d3 Nf6 8. Nge2 O-O 9. O-O Be6 10. Nd5 Ne8 11. a3 Nb8 12. b4 c6 13. Ndc3 axb4 14. axb4 Nf6 15. b5 d5 16. cxd5 cxd5 17. d4 Nbd7 18. Bb2 exd4 19. Nxd4 Nb6 20. Nxe6 fxe6 21. Ne2 Nc4 22. Bc3 Ra2 23. Ra1 Rxa1 24. Qxa1 Qb6 25. Nf4 g5 26. Bd4 Qd6 27. Nd3 b6 28. Ne5 Nd2 29. Re1 Nfe4 30. f3 Nb3 31. Qb2 Nxd4 32. exd4 Bxe5 33. fxe4 Bg7 34. e5 Qd7 35. Qe2 h6 36. Bh3 Qf7 37. Bg4 Qg6 38. Rc1 Ra8 39. Qc2 Kh7 40. Bxe6 Qxc2 41. Rxc2 Ra1+ 42. Kf2 Rb1 43. Bf5+ 1-0

[Event "RA Spring op"]
[Site "Ottawa CAN"]
[Date "2011.03.04"]
[Round "1"]
[White "O'Donnell, Tom"]
[Black "Voloaca, Mihnea"]
[Result "0-1"]
[WhiteElo "2451"]
[BlackElo "2318"]
[PlyCount "54"]
[GameId "2160767909787504"]
[EventDate "2011.03.04"]
[EventType "swiss"]
[EventRounds "5"]
[EventCountry "CAN"]
[SourceTitle "EXT 2022"]
[Source "ChessBase"]
[SourceDate "2021.10.06"]
[SourceVersion "1"]
[SourceVersionDate "2021.10.06"]
[SourceQuality "1"]

1. d4 d5 2. c4 e6 3. Nc3 c6 4. e3 Nf6 5. Nf3 Nbd7 6. Bd3 dxc4 7. Bxc4 b5 8. Bd3 Bb7 9. O-O a6 10. e4 c5 11. e5 cxd4 12. Nxb5 axb5 13. exf6 Qb6 14. fxg7 Bxg7 15. Bf4 Nc5 16. Re1 Nxd3 17. Qxd3 Rd8 18. Rac1 Rd5 19. Be5 Bxe5 20. Nxe5 f6 21. Ng6 Rg5 22. Nf4 e5 23. Qh3 O-O 24. Qd7 Rg7 25. Qe6+ Qxe6 26. Nxe6 Rxg2+ 27. Kf1 Bf3 0-1

[Event "RA Spring op"]
[Site "Ottawa CAN"]
[Date "2011.03.05"]
[Round "3"]
[White "Pacey, Kevin"]
[Black "O'Donnell, Tom"]
[Result "0-1"]
[WhiteElo "2329"]
[BlackElo "2451"]
[PlyCount "90"]
[GameId "2160767909787509"]
[EventDate "2011.03.04"]
[EventType "swiss"]
[EventRounds "5"]
[EventCountry "CAN"]
[SourceTitle "EXT 2022"]
[Source "ChessBase"]
[SourceDate "2021.10.06"]
[SourceVersion "1"]
[SourceVersionDate "2021.10.06"]
[SourceQuality "1"]

1. f4 d5 2. Nf3 c5 3. e3 Nf6 4. Bb5+ Nbd7 5. O-O g6 6. c4 a6 7. Bxd7+ Qxd7 8. Ne5 Qc7 9. Qa4+ Bd7 10. Nxd7 Qxd7 11. Qxd7+ Kxd7 12. Na3 Bg7 13. Rb1 b5 14. cxb5 axb5 15. b4 c4 16. Nxb5 Rxa2 17. Nc3 Ra7 18. f5 Rb8 19. h3 gxf5 20. Rxf5 e6 21. Rf1 Ke8 22. b5 Nd7 23. Bb2 Nc5 24. Nxd5 Bxb2 25. b6 Ra2 26. Nb4 Ra4 27. Rxb2 Rxb6 28. Nd3 Rxb2 29. Nxb2 Rb4 30. Nd1 Ne4 31. Nc3 Nxd2 32. Rf2 Nb1 33. Nd1 Na3 34. Ra2 Rb3 35. e4 Kd7 36. Kf1 Kc6 37. Ke1 Kc5 38. Rf2 Rb7 39. Ra2 Nb5 40. Kf2 Rd7 41. Ne3 Nc3 42. Ra5+ Kb4 43. Re5 Nd1+ 44. Nxd1 Rxd1 45. Ke2 Rd7 0-1

[Event "National Capital op"]
[Site "Ottawa CAN"]
[Date "2007.10.21"]
[Round "4"]
[White "Gordon, David"]
[Black "O'Donnell, Tom"]
[Result "1/2-1/2"]
[WhiteElo "2272"]
[BlackElo "2476"]
[PlyCount "148"]
[GameId "2160767910578780"]
[EventDate "2007.10.20"]
[EventType "swiss"]
[EventRounds "5"]
[EventCountry "CAN"]

1. d4 Nf6 2. Bg5 e6 3. Nd2 h6 4. Bxf6 Qxf6 5. c3 b6 6. e4 Bb7 7. Bd3 d6 8. Qe2 Nd7 9. Ngf3 Qd8 10. O-O Be7 11. Ne1 e5 12. f4 O-O 13. fxe5 dxe5 14. Nef3 Bf6 15. d5 c6 16. dxc6 Bxc6 17. Rad1 Qc7 18. Nb3 a5 19. Bb5 a4 20. Bxc6 Qxc6 21. Nc1 Rfd8 22. Nd3 a3 23. Nb4 Qc5+ 24. Kh1 axb2 25. Qxb2 Qc4 26. Qb3 Qxb3 27. axb3 Nc5 28. Rxd8+ Rxd8 29. Nc6 Rd3 30. Nfxe5 Rxc3 31. Nxf7 Nxe4 32. Nfe5 Nd2 33. Rd1 Nxb3 34. g3 Rc5 35. Rd3 Na1 36. Re3 Nc2 37. Re4 b5 38. Ne7+ Kh7 39. Nd7 Bxe7 40. Nxc5 Bxc5 41. Re5 Bd4 42. Rxb5 Bf6 43. Kg2 Kg6 44. Rc5 Ne1+ 45. Kf1 Nd3 46. Rb5 Ne5 47. Kg2 h5 48. Ra5 Kf5 49. Rb5 g5 50. Ra5 g4 51. Rb5 Kg6 52. Rb6 Nf7 53. Ra6 Ng5 54. Rb6 Kf5 55. Rb5+ Be5 56. Ra5 Nf3 57. Ra4 h4 58. gxh4 Nxh4+ 59. Kh1 Kg5 60. Re4 Bf4 61. Re8 Nf3 62. Rg8+ Kf5 63. Rf8+ Ke4 64. Re8+ Be5 65. Kg2 Nh4+ 66. Kh1 Nf3 67. Kg2 Nh4+ 68. Kh1 Kf5 69. Rf8+ Kg5 70. Rg8+ Kh5 71. Rf8 Kg5 72. Rg8+ Kf4 73. h3 gxh3 74. Kh2 Nf3+ 1/2-1/2

[Event "Outaouais op A"]
[Site "Gatineau CAN"]
[Date "2007.09.22"]
[Round "1"]
[White "Szalay, Karoly"]
[Black "O'Donnell, Tom"]
[Result "0-1"]
[WhiteElo "1985"]
[BlackElo "2448"]
[PlyCount "112"]
[GameId "2160767910579090"]
[EventDate "2007.09.22"]
[EventType "swiss"]
[EventRounds "5"]
[EventCountry "CAN"]
[SourceTitle "EXT 2022"]
[Source "ChessBase"]
[SourceDate "2021.10.06"]
[SourceVersion "1"]
[SourceVersionDate "2021.10.06"]
[SourceQuality "1"]

1. e4 c6 2. d4 d5 3. Nc3 dxe4 4. Nxe4 Nd7 5. Bd3 Ngf6 6. Ng5 e6 7. N1f3 Bd6 8. Qe2 h6 9. Ne4 Nxe4 10. Bxe4 Qc7 11. O-O Nf6 12. Bd3 b6 13. b3 Bb7 14. Bb2 O-O-O 15. Ba6 Bxa6 16. Qxa6+ Qb7 17. Qe2 c5 18. dxc5 Bxc5 19. Rad1 Rxd1 20. Rxd1 Rd8 21. Rxd8+ Kxd8 22. Qd2+ Qd7 23. Qxd7+ Kxd7 24. Ne5+ Ke8 25. c4 Ne4 26. Nd3 Bf8 27. f3 Nc5 28. Nxc5 Bxc5+ 29. Kf1 f6 30. Ke2 e5 31. Kd3 Kd7 32. g4 g6 33. h3 Ke6 34. Bc1 h5 35. Bd2 f5 36. Bc3 a5 37. Bd2 e4+ 38. fxe4 fxg4 39. hxg4 h4 40. Ke2 h3 41. Kf3 h2 42. Kg2 Ke5 43. Bg5 Kxe4 44. Bd8 Kd3 45. a3 Kc3 46. b4 axb4 47. axb4 Kxb4 48. Kxh2 Kxc4 49. Kg3 b5 50. Kf4 b4 51. Bf6 Bd4 52. Be7 b3 53. Ba3 Bf6 54. Ke4 b2 55. Bxb2 Bxb2 56. Kf4 Bc1+ 0-1

[Event "Outaouais op A"]
[Site "Gatineau CAN"]
[Date "2007.09.23"]
[Round "3"]
[White "Gordon, David"]
[Black "O'Donnell, Tom"]
[Result "1/2-1/2"]
[WhiteElo "2186"]
[BlackElo "2448"]
[PlyCount "48"]
[GameId "2160767910579094"]
[EventDate "2007.09.22"]
[EventType "swiss"]
[EventRounds "5"]
[EventCountry "CAN"]
[SourceTitle "EXT 2022"]
[Source "ChessBase"]
[SourceDate "2021.10.06"]
[SourceVersion "1"]
[SourceVersionDate "2021.10.06"]
[SourceQuality "1"]

1. d4 Nf6 2. Bg5 e6 3. Nd2 h6 4. Bh4 d5 5. c3 Nbd7 6. e3 Bd6 7. f4 g5 8. fxg5 hxg5 9. Bxg5 Rxh2 10. Rxh2 Bxh2 11. Nh3 Bd6 12. Qf3 c6 13. O-O-O Be7 14. Be2 Qa5 15. Kb1 b5 16. e4 b4 17. e5 Ne4 18. Nxe4 dxe4 19. Qxe4 bxc3 20. Bxe7 Rb8 21. b3 Kxe7 22. Qc2 Nb6 23. Nf4 c5 24. dxc5 Qxc5 1/2-1/2

[Event "Outaouais op A"]
[Site "Gatineau CAN"]
[Date "2007.09.24"]
[Round "5"]
[White "O'Donnell, Tom"]
[Black "Hua, Lefong"]
[Result "1/2-1/2"]
[WhiteElo "2448"]
[BlackElo "2321"]
[PlyCount "21"]
[GameId "2160767910579098"]
[EventDate "2007.09.22"]
[EventType "swiss"]
[EventRounds "5"]
[EventCountry "CAN"]
[SourceTitle "EXT 2022"]
[Source "ChessBase"]
[SourceDate "2021.10.06"]
[SourceVersion "1"]
[SourceVersionDate "2021.10.06"]
[SourceQuality "1"]

1. e4 c5 2. c3 d5 3. exd5 Qxd5 4. d4 Nc6 5. Nf3 Bg4 6. Be2 cxd4 7. cxd4 e6 8. Nc3 Qd6 9. Be3 Nf6 10. O-O Be7 11. h3 1/2-1/2

[Event "CAN-op"]
[Site "Ottawa CAN"]
[Date "2007.07.07"]
[Round "1"]
[White "O'Donnell, Tom"]
[Black "Reeve, Jeff"]
[Result "1/2-1/2"]
[WhiteElo "2367"]
[BlackElo "2205"]
[PlyCount "63"]
[GameId "2160767910576474"]
[EventDate "2007.07.07"]
[EventType "swiss"]
[EventRounds "10"]
[EventCountry "CAN"]
[SourceTitle "CBM 119 Extra"]
[Source "ChessBase"]
[SourceDate "2007.09.04"]
[SourceVersion "1"]
[SourceVersionDate "2007.09.04"]
[SourceQuality "1"]

1. d4 Nf6 2. c4 c5 3. d5 b5 4. cxb5 a6 5. bxa6 g6 6. Nc3 Bxa6 7. g3 d6 8. Bg2 Bg7 9. Nf3 Nbd7 10. Rb1 O-O 11. O-O Ra7 12. Re1 Qa8 13. b3 Rb8 14. Bb2 Bb7 15. e4 Ne8 16. Na4 Bxb2 17. Rxb2 Bc8 18. Nc3 f6 19. Qc2 Nc7 20. a4 Qb7 21. b4 cxb4 22. Nd4 Ne5 23. Ncb5 Nxb5 24. Nxb5 Rxa4 25. Qxa4 Nd3 26. Rxb4 Nxb4 27. Bf1 Bd7 28. Qxb4 Bxb5 29. Rb1 Ba6 30. Qxb7 Rxb7 31. Rxb7 Bxb7 32. f4 1/2-1/2

[Event "CAN-op"]
[Site "Ottawa CAN"]
[Date "2007.07.13"]
[Round "8"]
[White "Guo, Joshua"]
[Black "O'Donnell, Tom"]
[Result "0-1"]
[WhiteElo "2212"]
[BlackElo "2427"]
[PlyCount "84"]
[GameId "2160767910642302"]
[EventDate "2007.07.07"]
[EventType "swiss"]
[EventRounds "10"]
[EventCountry "CAN"]

1. e4 c5 2. Nf3 d6 3. d4 cxd4 4. Nxd4 Nf6 5. Nc3 Nc6 6. Bc4 Qb6 7. Nb3 e6 8. O-O a6 9. Be3 Qc7 10. f4 b5 11. Bd3 Bb7 12. Qf3 Be7 13. Rae1 Na5 14. Nxa5 Qxa5 15. a3 b4 16. axb4 Qxb4 17. f5 e5 18. g4 h6 19. h3 Bc6 20. Nd5 Bxd5 21. exd5 Nd7 22. Qe4 Qxe4 23. Bxe4 Bg5 24. Bd3 Bxe3+ 25. Rxe3 Ke7 26. Ra1 Rhb8 27. b3 a5 28. Ree1 Kf6 29. Kf2 Nc5 30. Bc4 h5 31. Ra3 a4 32. Rea1 axb3 33. cxb3 Rxa3 34. Rxa3 Rb7 35. Ke3 hxg4 36. hxg4 Kg5 37. Kf3 e4+ 38. Kg3 e3 39. Kf3 e2 40. Bxe2 Rxb3+ 41. Rxb3 Nxb3 42. Ke3 Nc5 0-1

[Event "Eastern Ontario op"]
[Site "Ottawa CAN"]
[Date "2007.06.10"]
[Round "4"]
[White "O'Donnell, Tom"]
[Black "Pacey, Kevin"]
[Result "1-0"]
[WhiteElo "2479"]
[BlackElo "2253"]
[PlyCount "59"]
[GameId "2160767910667725"]
[EventDate "2007.06.08"]
[EventType "swiss"]
[EventRounds "5"]
[EventCountry "CAN"]

1. d4 e6 2. e4 d5 3. Nd2 Nc6 4. Ngf3 Nf6 5. e5 Nd7 6. Bb5 a6 7. Bxc6 bxc6 8. O-O Be7 9. Nb3 a5 10. Bd2 a4 11. Na5 Nb8 12. c4 dxc4 13. Qxa4 Qd5 14. Rfc1 O-O 15. Rxc4 Ba6 16. Rcc1 Be2 17. Nxc6 Nxc6 18. Qxc6 Bxf3 19. gxf3 Qxd4 20. Bc3 Qa7 21. a4 Rfd8 22. a5 Bg5 23. Rd1 Bh4 24. Be1 Rac8 25. a6 Rxd1 26. Rxd1 g6 27. b4 Rb8 28. b5 Rb6 29. Qe8+ Kg7 30. Rd7 1-0

[Event "Kingston city match 4"]
[Site "Kingston CAN"]
[Date "2005.09.10"]
[Round "2"]
[White "O'Donnell, Tom"]
[Black "Caire, Francois"]
[Result "1-0"]
[WhiteElo "2367"]
[BlackElo "2248"]
[PlyCount "45"]
[GameId "2160767910900225"]
[EventDate "2005.09.10"]
[EventType "swiss"]
[EventRounds "3"]
[EventCountry "CAN"]
[SourceTitle "EXT 2022"]
[Source "ChessBase"]
[SourceDate "2021.10.06"]
[SourceVersion "1"]
[SourceVersionDate "2021.10.06"]
[SourceQuality "1"]

1. e4 c6 2. d4 d5 3. Nd2 dxe4 4. Nxe4 Nd7 5. Bc4 Ngf6 6. Ng5 e6 7. Qe2 Nb6 8. Bd3 c5 9. dxc5 Bxc5 10. N1f3 h6 11. Ne4 Nxe4 12. Qxe4 Nd7 13. O-O Nf6 14. Qh4 Qc7 15. Bf4 Qb6 16. Be5 Be7 17. Bd4 Qd6 18. Rad1 Bd7 19. c3 Bc6 20. Ne5 O-O 21. Rfe1 Qc7 22. Ng4 Qd8 23. Nxh6+ 1-0